| 000 | 00520nam a22001937a 4500 | ||
|---|---|---|---|
| 003 | MPLRDC | ||
| 005 | 20220104142332.0 | ||
| 008 | 210129b ||||| |||| 00| 0 eng d | ||
| 020 | _a7-111-14878-9 | ||
| 082 | _a542.7 BJNH | ||
| 100 | _a北京纽哈斯国际教育咨询有限公司 编著 | ||
| 245 |
_a剪裁人生 _c |
||
| 250 | _a一版二刷 | ||
| 260 |
_a中国 _b机械工业出版社 _c2005 |
||
| 300 | _b297 | ||
| 490 | _a大学生人生规划丛书 | ||
| 650 | _a职业问题 | ||
| 942 |
_cBK _o542.7 BJNH |
||
| 999 |
_c29983 _d29973 |
||